000 00527nam a2200181Ia 4500
999 _c28987
_d28987
003 OSt
005 20201231113541.0
008 190216s9999||||xx |||||||||||||| ||und||
020 _a9788182642096
040 _coclc
082 _a894.8125
_bPAN/S
100 _aPanikkar, K N
_92601
245 0 _aSambhashanangal /
_cK N Panikkar
260 _bMathrubhumi Printing &publishing,
_aKozhikode:
_c2005.
300 _a128p
650 _aSambashanangal
942 _cBK
_2ddc
_h894.8125
_iPAN/S
_k894.8125
_mPAN/S